000 00341nam a22001577a 4500
005 20160620152408.0
008 160620b xxu||||| |||| 00| 0 eng d
041 _aeng
082 _b8582
100 _aAhlawat,R.S
_92339
245 _aManagerial Economics
260 _bKing's
300 _a375
650 _aManagement
_9241
942 _cBK
999 _c3305
_d3304